Conserve water for a better future (Record no. 56182)

MARC details
000 -LEADER
fixed length control field 00309nam a2200121Ia 4500
100 ## - MAIN ENTRY--AUTHOR NAME
Personal name Kamalam Joseph
245 #0 - TITLE STATEMENT
Title Conserve water for a better future
260 ## - PUBLICATION, DISTRIBUTION, ETC. (IMPRINT)
Name of publisher Planters chronicle
Year of publication 1995
300 ## - PHYSICAL DESCRIPTION
Number of Pages 601-608
650 ## - SUBJECT ADDED ENTRY--TOPICAL TERM
Topical Term Water conservation
942 ## - ADDED ENTRY ELEMENTS (KOHA)
Koha item type Journals
Holdings
Withdrawn status Lost status Damaged status Not for loan Home library Current library Shelving location Date acquired Serial Enumeration / chronology Koha item type
      Journals RRII Library RRII Library Soils and agonomy 17/12/2021 Volume 90, Issue 12 Journals